[Event "Budapest-chT1 Lilienthal 1516"]
[Site "Budapest"]
[Date "2015.12.13"]
[Round "5"]
[White "Seres, Bela"]
[Black "Keresztes, Balazs"]
[Result "1/2-1/2"]
[WhiteElo "2222"]
[BlackElo "2130"]
[PlyCount "43"]
[EventDate "2015.09.20"]
[EventType "team-tourn"]
[EventRounds "9"]
[EventCountry "HUN"]
[SourceTitle "EXT 2021"]
[Source "ChessBase"]
[SourceDate "2020.10.23"]
[SourceVersion "1"]
[SourceVersionDate "2020.10.23"]
[SourceQuality "1"]
[WhiteTeam "Fabulon"]
[BlackTeam "Budapest EAC II"]
[WhiteTeamCountry "HUN"]
[BlackTeamCountry "HUN"]

1. c4 g6 2. Nc3 Bg7 3. g3 c5 4. Bg2 Nc6 5. Nf3 e6 6. 0-0 Nge7 7. d3 0-0 8. a3 d5 9. cxd5 exd5 10. Bg5 Be6 11. Rb1 b6 12. Qd2 Re8 13. b4 Rc8 14. Rfc1 c4 15. dxc4 dxc4 16. Qxd8 Rexd8 17. b5 h6 18. bxc6 hxg5 19. Nxg5 Nxc6 20. Nxe6 fxe6 21. Bh3 Kf7 22. e3 1/2-1/2

[Event "Budapest-chT1 Lilienthal 1213"]
[Site "Budapest"]
[Date "2013.02.24"]
[Round "8"]
[White "Bognar, Bence"]
[Black "Keresztes, Balazs"]
[Result "0-1"]
[WhiteElo "1972"]
[BlackElo "2118"]
[PlyCount "100"]
[EventDate "2012.09.30"]
[EventType "team-tourn"]
[EventRounds "11"]
[EventCountry "HUN"]
[SourceTitle "EXT 2019"]
[Source "ChessBase"]
[SourceDate "2018.10.10"]
[SourceVersion "1"]
[SourceVersionDate "2018.10.10"]
[SourceQuality "1"]
[WhiteTeam "Budapest SENSE"]
[BlackTeam "Barcza GSC"]
[WhiteTeamCountry "HUN"]
[BlackTeamCountry "HUN"]

1. e4 c5 2. c3 d5 3. exd5 Qxd5 4. d4 Nf6 5. dxc5 Qxc5 6. Be3 Qc7 7. Nf3 Nc6 8. Bd3 Bg4 9. Nbd2 e5 10. Qc2 Be7 11. h3 Be6 12. 0-0 h6 13. Rad1 0-0 14. Nh2 Rac8 15. a3 Qb8 16. Qa4 Rfd8 17. Bb1 b5 18. Qc2 b4 19. Ng4 bxa3 20. Nxf6+ Bxf6 21. Qh7+ Kf8 22. Bc5+ Ke8 23. Ne4 Nd4 24. bxa3 Rxc5 25. Nxf6+ gxf6 26. cxd4 Qb3 27. Bf5 exd4 28. Rb1 Qc4 29. Bxe6 Qxe6 30. Rb7 Rd7 31. Qg8+ Ke7 32. Rb8 Kd6 33. Qf8+ Qe7 34. Qxh6 Kc7 35. Rfb1 d3 36. R8b7+ Kc6 37. Rxd7 Kxd7 38. Qd2 Qd6 39. g3 Rc2 40. Qe3 d2 41. Qxa7+ Kd8 42. Qa8+ Rc8 43. Qa5+ Ke7 44. Rd1 Rc1 45. Qa7+ Kf8 46. Qa8+ Kg7 47. Qf3 Qxa3 48. Qg4+ Kf8 49. Kg2 Rxd1 50. Qxd1 Qc1 0-1

[Event "Budapest-chT1 Lilienthal 1213"]
[Site "Budapest"]
[Date "2013.02.03"]
[Round "7"]
[White "Borda, Lajos"]
[Black "Keresztes, Balazs"]
[Result "0-1"]
[WhiteElo "2120"]
[BlackElo "2118"]
[PlyCount "82"]
[EventDate "2012.09.30"]
[EventType "team-tourn"]
[EventRounds "11"]
[EventCountry "HUN"]
[SourceTitle "EXT 2019"]
[Source "ChessBase"]
[SourceDate "2018.10.10"]
[SourceVersion "1"]
[SourceVersionDate "2018.10.10"]
[SourceQuality "1"]
[WhiteTeam "Taban Spartacus II"]
[BlackTeam "Barcza GSC"]
[WhiteTeamCountry "HUN"]
[BlackTeamCountry "HUN"]

1. e4 c5 2. Nf3 a6 3. c4 g6 4. Nc3 Bg7 5. d4 cxd4 6. Nxd4 d6 7. Be2 Nf6 8. 0-0 0-0 9. Be3 b6 10. Nb3 Bb7 11. Nd2 e6 12. Re1 Nbd7 13. Qb3 Nc5 14. Qc2 Rc8 15. Rad1 Qc7 16. h3 Rfd8 17. b4 Ncd7 18. Nb3 Bf8 19. Bd4 e5 20. Be3 b5 21. Na5 Nb6 22. Nxb7 Qxb7 23. cxb5 axb5 24. Bxb6 Qxb6 25. Qb3 Rxc3 26. Qxc3 Qxf2+ 27. Kh1 Nxe4 28. Qf3 Qxf3 29. Bxf3 Nf2+ 30. Kg1 Nxd1 31. Rxd1 f5 32. Bc6 Kf7 33. Bxb5 d5 34. Bc4 Ke6 35. a3 e4 36. Kf1 Ke5 37. Bb3 d4 38. Rc1 Bd6 39. Rc6 d3 40. Bc4 Kd4 41. Be6 Bg3 0-1

[Event "Budapest-chT1 Lilienthal 1213"]
[Site "Budapest"]
[Date "2012.11.25"]
[Round "4"]
[White "Keresztes, Balazs"]
[Black "Seres, Bela"]
[Result "1/2-1/2"]
[WhiteElo "2118"]
[BlackElo "2199"]
[PlyCount "32"]
[EventDate "2012.09.30"]
[EventType "team-tourn"]
[EventRounds "11"]
[EventCountry "HUN"]
[SourceTitle "EXT 2019"]
[Source "ChessBase"]
[SourceDate "2018.10.10"]
[SourceVersion "1"]
[SourceVersionDate "2018.10.10"]
[SourceQuality "1"]
[WhiteTeam "Barcza GSC"]
[BlackTeam "Fabulon"]
[WhiteTeamCountry "HUN"]
[BlackTeamCountry "HUN"]

1. e4 c5 2. Nf3 g6 3. d4 Bg7 4. c4 cxd4 5. Nxd4 Nc6 6. Be3 Nf6 7. Nc3 Ng4 8. Qxg4 Nxd4 9. Qd1 Ne6 10. Qd2 d6 11. Be2 b6 12. 0-0 0-0 13. Rac1 Bb7 14. f3 Rc8 15. Rfd1 Re8 16. b3 Qc7 1/2-1/2

[Event "Budapest-chT1 Lilienthal 1112"]
[Site "Budapest"]
[Date "2012.04.29"]
[Round "11"]
[White "Szabo, Peter2222"]
[Black "Keresztes, Balazs"]
[Result "1/2-1/2"]
[WhiteElo "1966"]
[BlackElo "2102"]
[PlyCount "83"]
[EventDate "2011.10.02"]
[EventType "team-tourn"]
[EventRounds "11"]
[EventCountry "HUN"]
[SourceTitle "EXT 2020"]
[Source "ChessBase"]
[SourceDate "2019.10.17"]
[SourceVersion "1"]
[SourceVersionDate "2019.10.17"]
[SourceQuality "1"]
[WhiteTeam "Hid Unio"]
[BlackTeam "Barcza GSC"]
[WhiteTeamCountry "HUN"]
[BlackTeamCountry "HUN"]

1. Nf3 d5 2. g3 Nf6 3. Bg2 g6 4. d4 Bg7 5. Bg5 0-0 6. 0-0 b6 7. c3 Bb7 8. Qc1 Re8 9. Nbd2 Nbd7 10. c4 Ne4 11. Be3 dxc4 12. Qxc4 Nd6 13. Qc2 Nf5 14. Nb3 Nxe3 15. fxe3 Nf6 16. Nfd2 Bxg2 17. Kxg2 Ng4 18. Qe4 Qd7 19. h3 Nh6 20. Nf3 f5 21. Qd3 e5 22. dxe5 Qxd3 23. exd3 Bxe5 24. Nxe5 Rxe5 25. Kf3 Rae8 26. Rfe1 Nf7 27. h4 R5e7 28. d4 Nh6 29. Re2 Ng4 30. Rae1 Nf6 31. a3 Kf7 32. Nd2 a5 33. Nc4 Ng4 34. a4 h5 35. Na3 Re4 36. Nb5 R8e7 37. Nc3 R4e6 38. e4 Rd7 39. d5 fxe4+ 40. Rxe4 Rxe4 41. Rxe4 Nf6 42. Re5 1/2-1/2

[Event "Budapest-chT1 Lilienthal 1112"]
[Site "Budapest"]
[Date "2012.03.04"]
[Round "9"]
[White "Csillag, Janos"]
[Black "Keresztes, Balazs"]
[Result "0-1"]
[WhiteElo "1969"]
[BlackElo "2102"]
[PlyCount "86"]
[EventDate "2011.10.02"]
[EventType "team-tourn"]
[EventRounds "11"]
[EventCountry "HUN"]
[SourceTitle "EXT 2020"]
[Source "ChessBase"]
[SourceDate "2019.10.17"]
[SourceVersion "1"]
[SourceVersionDate "2019.10.17"]
[SourceQuality "1"]
[WhiteTeam "Taban Spartacus II"]
[BlackTeam "Barcza GSC"]
[WhiteTeamCountry "HUN"]
[BlackTeamCountry "HUN"]

1. Nf3 Nf6 2. g3 b6 3. Bg2 Bb7 4. 0-0 e6 5. c4 c5 6. b3 Be7 7. Bb2 0-0 8. Nc3 d5 9. cxd5 exd5 10. d4 Nbd7 11. Qd2 Ne4 12. Nxe4 dxe4 13. Ne1 Bg5 14. Qc2 Qe7 15. Rd1 Rac8 16. d5 f5 17. f3 Rce8 18. fxe4 fxe4 19. Bh3 Rxf1+ 20. Kxf1 Qf7+ 21. Kg1 Bxd5 22. Ng2 Rf8 23. e3 Be6 24. Bxe6 Qxe6 25. Nf4 Bxf4 26. exf4 Nf6 27. Be5 Re8 28. Rd6 Qf7 29. Qd1 h5 30. h3 Re7 31. Rd8+ Kh7 32. Qd6 Rd7 33. Rxd7 Nxd7 34. Kf2 Qf5 35. Qe7 Nxe5 36. Qxe5 Kg6 37. Qe8+ Kh6 38. Qh8+ Kg6 39. Qe8+ Kh7 40. h4 Qd5 41. Qe5 Qd4+ 42. Kg2 Qxe5 43. fxe5 Kg6 0-1

[Event "Budapest-chT1 Lilienthal 1112"]
[Site "Budapest"]
[Date "2011.12.04"]
[Round "4"]
[White "Rinyu, Janos"]
[Black "Keresztes, Balazs"]
[Result "0-1"]
[WhiteElo "2004"]
[BlackElo "2102"]
[PlyCount "74"]
[EventDate "2011.10.02"]
[EventType "team-tourn"]
[EventRounds "11"]
[EventCountry "HUN"]
[SourceTitle "EXT 2020"]
[Source "ChessBase"]
[SourceDate "2019.10.17"]
[SourceVersion "1"]
[SourceVersionDate "2019.10.17"]
[SourceQuality "1"]
[WhiteTeam "Budapest Ujpest KSE"]
[BlackTeam "Barcza GSC"]
[WhiteTeamCountry "HUN"]
[BlackTeamCountry "HUN"]

1. d4 Nf6 2. Bf4 g6 3. e3 Bg7 4. Nd2 d5 5. Be2 0-0 6. h3 c5 7. c3 Nc6 8. Ngf3 Nd7 9. 0-0 e5 10. dxe5 Ndxe5 11. Nxe5 Nxe5 12. Nb3 b6 13. Bxe5 Bxe5 14. Bf3 Be6 15. c4 dxc4 16. Bxa8 Qxa8 17. Nd2 Bxb2 18. Rb1 c3 19. Rxb2 cxb2 20. Qb1 Qd5 21. Qxb2 Qxa2 22. Qc3 Qd5 23. Ra1 Rd8 24. Nf3 Rd7 25. Kh2 b5 26. e4 Qd6+ 27. e5 Qd5 28. Qe3 b4 29. h4 Bg4 30. Ng5 Qd4 31. Qg3 Qxa1 32. Qxg4 Qxe5+ 33. f4 Qf5 34. Qf3 Rd4 35. Qa8+ Kg7 36. Nh3 b3 37. Qxa7 b2 0-1

[Event "Budapest-chT1 Lilienthal 1011"]
[Site "Budapest"]
[Date "2010.12.12"]
[Round "6"]
[White "Keresztes, Balazs"]
[Black "Valis, Janos"]
[Result "0-1"]
[WhiteElo "2089"]
[BlackElo "2129"]
[PlyCount "88"]
[EventDate "2010.09.19"]
[EventType "team-tourn"]
[EventRounds "11"]
[EventCountry "HUN"]
[SourceTitle "EXT 2020"]
[Source "ChessBase"]
[SourceDate "2019.10.17"]
[SourceVersion "1"]
[SourceVersionDate "2019.10.17"]
[SourceQuality "1"]
[WhiteTeam "Barcza GSC"]
[BlackTeam "Budapest HUSI II"]
[WhiteTeamCountry "HUN"]
[BlackTeamCountry "HUN"]

1. e4 g6 2. d4 d6 3. f4 Bg7 4. Nf3 Nf6 5. Bd3 0-0 6. 0-0 Bg4 7. h3 Bxf3 8. Qxf3 c6 9. c3 Nbd7 10. Be3 b5 11. Nd2 a6 12. Rad1 e5 13. Nb3 Qe7 14. fxe5 dxe5 15. Bg5 Qe6 16. Bb1 Ne8 17. Qg3 Nd6 18. Qh4 Nc4 19. Rf2 a5 20. Nc5 Nxc5 21. dxc5 f6 22. Bc1 a4 23. b3 axb3 24. axb3 Na5 25. Rd6 Qe8 26. Ba2 Nb7 27. b4+ Rxa2 28. Rxa2 Nxd6 29. cxd6 Qe6 30. Ra7 g5 31. Qh5 Qxd6 32. Be3 Qd3 33. Bc5 Qxe4 34. Bxf8 Qe3+ 35. Kh2 Qxa7 36. Bc5 Qd7 37. h4 gxh4 38. Qxh4 f5 39. Qg5 Kh8 40. Be7 e4 41. g3 h6 42. Qh4 Qd2+ 43. Kh3 Qd1 44. Kh2 Qg4 0-1

[Event "HUN-chT U18"]
[Site "Miskolc"]
[Date "2008.10.30"]
[Round "7.6"]
[White "Keresztes, Balazs"]
[Black "Feher, Adam"]
[Result "1/2-1/2"]
[WhiteElo "2107"]
[BlackElo "2229"]
[PlyCount "54"]
[EventDate "2008.10.27"]
[EventType "team-swiss"]
[EventRounds "8"]
[EventCountry "HUN"]
[SourceTitle "EXT 2016"]
[Source "ChessBase"]
[SourceDate "2015.10.08"]
[SourceVersion "1"]
[SourceVersionDate "2015.10.08"]
[SourceQuality "1"]

1. e4 c5 2. Nf3 d6 3. d4 cxd4 4. Nxd4 Nf6 5. Nc3 a6 6. Be3 e5 7. Nb3 Be6 8. Be2 Be7 9. 0-0 0-0 10. f4 exf4 11. Bxf4 Nc6 12. Qd2 Rc8 13. Rad1 Ne5 14. Qe3 Qc7 15. Nd4 b5 16. Nxe6 fxe6 17. Qh3 b4 18. Qxe6+ Kh8 19. Nd5 Nxd5 20. exd5 Bf6 21. Bxe5 Bxe5 22. Bd3 g6 23. b3 a5 24. Kh1 Qg7 25. Qh3 Rxf1+ 26. Rxf1 Rf8 27. Rf3 Rxf3 1/2-1/2

[Event "HUN-chT U18"]
[Site "Miskolc"]
[Date "2008.10.29"]
[Round "4.8"]
[White "Dios, Istvan"]
[Black "Keresztes, Balazs"]
[Result "0-1"]
[WhiteElo "1948"]
[BlackElo "2107"]
[PlyCount "84"]
[EventDate "2008.10.27"]
[EventType "team-swiss"]
[EventRounds "8"]
[EventCountry "HUN"]
[SourceTitle "EXT 2016"]
[Source "ChessBase"]
[SourceDate "2015.10.08"]
[SourceVersion "1"]
[SourceVersionDate "2015.10.08"]
[SourceQuality "1"]

1. e4 c5 2. c3 d5 3. exd5 Qxd5 4. d4 Nf6 5. Nf3 e6 6. a3 Be7 7. Be3 Ng4 8. Bd3 Nxe3 9. fxe3 Nd7 10. 0-0 0-0 11. Nbd2 Rd8 12. Nc4 cxd4 13. exd4 Bf6 14. Qc2 h6 15. Rfe1 Rb8 16. Nfe5 Nxe5 17. Nxe5 Bd7 18. Bh7+ Kf8 19. Qf2 Be8 20. Ng4 Bg5 21. h4 h5 22. Re5 Qc4 23. Rxg5 hxg4 24. Rxg4 Rd5 25. Rf4 Rd7 26. Bg6 f5 27. Bxe8 Rxe8 28. g4 g6 29. g5 Qb5 30. Re1 e5 31. dxe5 Rxe5 32. Rxe5 Qxe5 33. Rd4 Re7 34. Kf1 b6 35. Rd2 Qb5+ 36. Kg1 Qe5 37. Kf1 Qe4 38. Kg1 Qg4+ 39. Kf1 Qh3+ 40. Kg1 Re3 41. Qg2 Re1+ 42. Kf2 Qe3# 0-1

[Event "HUN-chT2 Maroczy 0708"]
[Site "Hungary"]
[Date "2008.05.18"]
[Round "11"]
[White "Barta, Zoltan"]
[Black "Keresztes, Balazs"]
[Result "1-0"]
[WhiteElo "2105"]
[BlackElo "2068"]
[PlyCount "117"]
[EventDate "2007.10.14"]
[EventType "team"]
[EventRounds "11"]
[EventCountry "HUN"]
[SourceTitle "EXT 2009"]
[Source "ChessBase"]
[SourceDate "2008.11.26"]
[SourceVersion "1"]
[SourceVersionDate "2008.11.26"]
[SourceQuality "1"]
[WhiteTeam "Fuzesabony"]
[BlackTeam "Barcza"]
[WhiteTeamCountry "HUN"]
[BlackTeamCountry "HUN"]

1. d4 Nf6 2. Nf3 e6 3. g3 b6 4. Bg2 Bb7 5. 0-0 Be7 6. b3 0-0 7. Bb2 d6 8. Nbd2 Nbd7 9. c4 c5 10. e3 Qc7 11. Rc1 Rad8 12. Qc2 Qb8 13. Rfe1 Qa8 14. e4 cxd4 15. Nxd4 Rc8 16. Qb1 Rfd8 17. Nf1 Nc5 18. f3 Bf8 19. Ne3 a6 20. Ba1 Ncd7 21. Ne2 d5 22. cxd5 Bc5 23. Nf4 exd5 24. e5 d4 25. Nf5 d3+ 26. Rxc5 Rxc5 27. Nxd3 Nd5 28. Nxc5 Nxc5 29. Nd6 Bc6 30. Qf5 Qa7 31. f4 Qe7 32. Qg4 Rxd6 33. Qxg7+ Kxg7 34. exd6+ Qf6 35. Bxf6+ Kxf6 36. Re5 Nb4 37. Re2 Bxg2 38. Kxg2 Nc6 39. g4 h6 40. Kg3 Ne6 41. Re4 Nc5 42. Re8 a5 43. h4 Nd4 44. Rh8 Ne4+ 45. Kg2 Nxd6 46. Rxh6+ Ke7 47. Kf2 N4b5 48. Ke3 Nc3 49. Kd4 Nxa2 50. Ke5 Nc8 51. Rc6 Kd7 52. Rf6 Nc1 53. Rxf7+ Ne7 54. Kf6 Nxb3 55. Rxe7+ Kc6 56. h5 a4 57. h6 a3 58. Re1 a2 59. h7 1-0

[Event "HUN-chT2 Maroczy 0708"]
[Site "Hungary"]
[Date "2008.03.16"]
[Round "8"]
[White "Suto, Gabor"]
[Black "Keresztes, Balazs"]
[Result "1/2-1/2"]
[WhiteElo "2255"]
[BlackElo "2068"]
[PlyCount "88"]
[EventDate "2007.10.14"]
[EventType "team"]
[EventRounds "11"]
[EventCountry "HUN"]
[SourceTitle "EXT 2009"]
[Source "ChessBase"]
[SourceDate "2008.11.26"]
[SourceVersion "1"]
[SourceVersionDate "2008.11.26"]
[SourceQuality "1"]
[WhiteTeam "Sarospatak"]
[BlackTeam "Barcza"]
[WhiteTeamCountry "HUN"]
[BlackTeamCountry "HUN"]

1. d4 Nf6 2. c4 e6 3. Nf3 d5 4. g3 b6 5. Bg2 Bb7 6. Ne5 Bb4+ 7. Bd2 Bxd2+ 8. Nxd2 0-0 9. Qc2 Nbd7 10. 0-0 Nxe5 11. dxe5 Nd7 12. f4 c5 13. Nf3 Qc7 14. cxd5 exd5 15. Ng5 g6 16. e6 f6 17. Nf3 Nb8 18. f5 g5 19. b4 Na6 20. b5 Nb4 21. Qd2 d4 22. Rac1 Qd8 23. Rcd1 Qe7 24. e3 Rad8 25. a3 dxe3 26. Qxe3 Nc2 27. Qc3 Bxf3 28. Rxd8 Rxd8 29. Qxc2 Bxg2 30. Qxg2 Rd3 31. Qe4 Rd4 32. Qc6 Kg7 33. Re1 h5 34. Kf2 Rd2+ 35. Re2 Rd3 36. Ke1 Qd8 37. Qe4 Rd1+ 38. Kf2 Qe7 39. Qc6 Rd6 40. Qa8 Rd8 41. Qc6 Rd6 42. Qc8 Rd8 43. Qc6 Rd6 44. Qc8 Rd8 1/2-1/2

[Event "HUN-chT2 Maroczy 0708"]
[Site "Hungary"]
[Date "2008.02.17"]
[Round "6"]
[White "Miklosi, Attila"]
[Black "Keresztes, Balazs"]
[Result "0-1"]
[WhiteElo "2101"]
[BlackElo "2068"]
[PlyCount "74"]
[EventDate "2007.10.14"]
[EventType "team"]
[EventRounds "11"]
[EventCountry "HUN"]
[SourceTitle "EXT 2009"]
[Source "ChessBase"]
[SourceDate "2008.11.26"]
[SourceVersion "1"]
[SourceVersionDate "2008.11.26"]
[SourceQuality "1"]
[WhiteTeam "Hajduboszormeny"]
[BlackTeam "Barcza"]
[WhiteTeamCountry "HUN"]
[BlackTeamCountry "HUN"]

1. e4 c5 2. Nf3 e6 3. d4 cxd4 4. Nxd4 a6 5. c4 Nf6 6. Nc3 d6 7. Be2 g6 8. Be3 Bg7 9. 0-0 0-0 10. Kh1 Nbd7 11. f4 Qc7 12. Rc1 b6 13. b3 Bb7 14. Bf3 Rac8 15. f5 e5 16. Nde2 gxf5 17. Nd5 Bxd5 18. cxd5 Qb8 19. Nc3 f4 20. Bd2 b5 21. g3 fxg3 22. hxg3 b4 23. Na4 Nc5 24. Nxc5 dxc5 25. Kg2 Qd6 26. Rh1 Nd7 27. Bg4 f5 28. Bxf5 Rxf5 29. exf5 Qxd5+ 30. Kh2 e4 31. Bxb4 Bd4 32. Qg4+ Kh8 33. Rhe1 Nf6 34. Qe2 Rg8 35. Bc3 Qe5 36. Bxd4 Qxg3+ 37. Kh1 Qh3+ 0-1

[Event "HUN-chT2 Maroczy 0708"]
[Site "Hungary"]
[Date "2007.12.09"]
[Round "4"]
[White "Virag, Csilla"]
[Black "Keresztes, Balazs"]
[Result "1-0"]
[WhiteElo "1917"]
[BlackElo "2068"]
[PlyCount "103"]
[EventDate "2007.10.14"]
[EventType "team"]
[EventRounds "11"]
[EventCountry "HUN"]
[SourceTitle "EXT 2009"]
[Source "ChessBase"]
[SourceDate "2008.11.26"]
[SourceVersion "1"]
[SourceVersionDate "2008.11.26"]
[SourceQuality "1"]
[WhiteTeam "Teva"]
[BlackTeam "Barcza"]
[WhiteTeamCountry "HUN"]
[BlackTeamCountry "HUN"]

1. e4 c5 2. Nf3 e6 3. b3 d5 4. exd5 exd5 5. d4 Nf6 6. Bb2 Nc6 7. Be2 Be6 8. 0-0 Be7 9. Nc3 0-0 10. Na4 b6 11. Rc1 c4 12. Nc3 a6 13. a4 Rb8 14. Ng5 b5 15. Nxe6 fxe6 16. axb5 axb5 17. bxc4 dxc4 18. Nb1 Nd5 19. Bg4 Qd7 20. Qe2 Nd8 21. Rce1 Rb6 22. Bc1 c3 23. Na3 Bb4 24. Qd3 Nf7 25. Qh3 Re8 26. Re2 Ra6 27. Nb1 Nd8 28. Rfe1 Ba5 29. Na3 Bb4 30. Nb1 Ba5 31. Na3 Nf6 32. Bh5 Rf8 33. Bg5 Bb4 34. Bxf6 Rxf6 35. Nb1 Qxd4 36. Qg3 Rf8 37. Re4 Qc5 38. Re5 Qb6 39. Rg5 Ra7 40. Rd1 Bc5 41. Qxc3 Bxf2+ 42. Kh1 b4 43. Qc4 Rc7 44. Qe4 Be3 45. Rg3 Rd7 46. Qc4 Rxd1+ 47. Bxd1 Qd4 48. Qe2 Rf2 49. Qe1 b3 50. h3 Qc4 51. Qxe3 Rf1+ 52. Kh2 1-0

[Event "HUN-chT2 Maroczy 0708"]
[Site "Hungary"]
[Date "2007.11.11"]
[Round "2"]
[White "Borsos, Andor"]
[Black "Keresztes, Balazs"]
[Result "0-1"]
[WhiteElo "2143"]
[BlackElo "2068"]
[PlyCount "87"]
[EventDate "2007.10.14"]
[EventType "team"]
[EventRounds "11"]
[EventCountry "HUN"]
[SourceTitle "EXT 2009"]
[Source "ChessBase"]
[SourceDate "2008.11.26"]
[SourceVersion "1"]
[SourceVersionDate "2008.11.26"]
[SourceQuality "1"]
[WhiteTeam "Koszolg"]
[BlackTeam "Barcza"]
[WhiteTeamCountry "HUN"]
[BlackTeamCountry "HUN"]

1. e4 c5 2. Nf3 e6 3. d4 cxd4 4. Nxd4 a6 5. g3 Nf6 6. Bg2 d6 7. 0-0 Be7 8. c4 0-0 9. Nc3 Qc7 10. Qe2 Nc6 11. Nxc6 bxc6 12. Bf4 e5 13. Be3 Ng4 14. Bd2 f5 15. Bh3 g6 16. f4 Be6 17. Bxg4 fxg4 18. f5 Bd7 19. Bh6 Rf7 20. Rf2 gxf5 21. exf5 Rxf5 22. Qxg4+ Rg5 23. Qh4 Rg7 24. Qe4 Rg6 25. Qe3 Be6 26. b3 d5 27. Na4 dxc4 28. bxc4 Rd8 29. Nb2 Bh3 30. c5 Rd4 31. Qf3 Rf6 32. Qh5 Rxf2 33. Kxf2 Bd7 34. Re1 Rd5 35. Kg2 e4 36. Qe2 Bf5 37. Qxa6 Qd7 38. Rf1 Bh3+ 39. Kg1 Bxc5+ 40. Kh1 Bxf1 41. Qxf1 Qf7 42. Bf4 Qh5 43. Kg2 e3 44. Qf3 0-1

[Event "HUN-chT2 Charousek 0607"]
[Site "Hungary"]
[Date "2007.04.29"]
[Round "9"]
[White "Farkas, Zsolt"]
[Black "Keresztes, Balazs"]
[Result "0-1"]
[WhiteElo "2218"]
[BlackElo "2058"]
[PlyCount "72"]
[EventDate "2006.11.12"]
[EventType "team"]
[EventRounds "11"]
[EventCountry "HUN"]
[SourceTitle "EXT 2008"]
[Source "ChessBase"]
[SourceDate "2007.11.25"]
[SourceVersion "1"]
[SourceVersionDate "2007.11.25"]
[SourceQuality "1"]
[WhiteTeam "Csuti II"]
[BlackTeam "Barcza"]
[WhiteTeamCountry "HUN"]
[BlackTeamCountry "HUN"]

1. e4 c5 2. Nf3 e6 3. Nc3 a6 4. d4 cxd4 5. Nxd4 Qc7 6. Be3 Nf6 7. f4 Bb4 8. Bd3 Bxc3+ 9. bxc3 Qxc3+ 10. Kf2 Nc6 11. Nb3 Qb4 12. c4 d6 13. e5 dxe5 14. Bc5 Qa4 15. Re1 exf4 16. Bf5 Ne7 17. Qd3 Qd7 18. Qh3 b6 19. Rad1 Qb7 20. Bd4 exf5 21. Bxf6 gxf6 22. Qh6 Rg8 23. g3 fxg3+ 24. hxg3 Qc7 25. Rd3 f4 26. Qxh7 fxg3+ 27. Kg1 Be6 28. Nd2 Qc5+ 29. Ree3 Rd8 30. Ne4 Rxd3 31. Nxc5 Rxe3 32. Ne4 Re1+ 33. Kg2 Bh3+ 34. Kf3 Rxe4 35. Qxe4 g2 36. Qa8+ Bc8 0-1

[Event "HUN-chT2 Charousek 0607"]
[Site "Hungary"]
[Date "2007.04.15"]
[Round "8"]
[White "Keresztes, Balazs"]
[Black "Horvath, Tamas3333"]
[Result "0-1"]
[WhiteElo "2058"]
[BlackElo "2171"]
[PlyCount "94"]
[EventDate "2006.11.12"]
[EventType "team"]
[EventRounds "11"]
[EventCountry "HUN"]
[SourceTitle "EXT 2008"]
[Source "ChessBase"]
[SourceDate "2007.11.25"]
[SourceVersion "1"]
[SourceVersionDate "2007.11.25"]
[SourceQuality "1"]
[WhiteTeam "Barcza"]
[BlackTeam "Gyor Elektromos"]
[WhiteTeamCountry "HUN"]
[BlackTeamCountry "HUN"]

1. e4 c5 2. Nc3 Nc6 3. Nf3 d6 4. d4 cxd4 5. Nxd4 e5 6. Nb3 Nf6 7. Bg5 Be7 8. Qd2 Be6 9. 0-0-0 0-0 10. Kb1 Ne8 11. h4 f6 12. Be3 f5 13. exf5 Bxf5 14. Bc4+ Kh8 15. f3 Qc8 16. Bd5 Nf6 17. g4 Be6 18. Bxe6 Qxe6 19. g5 Nh5 20. Nd5 Bd8 21. Qg2 a5 22. Qg4 Qxg4 23. fxg4 Ng3 24. Rhg1 Ne4 25. Rdf1 Kg8 26. a4 Nb4 27. Rxf8+ Kxf8 28. Rd1 Rc8 29. c3 Nxd5 30. Rxd5 Rxc3 31. bxc3 Nxc3+ 32. Kc2 Nxd5 33. Bd2 b6 34. Kd3 Kf7 35. Kc4 Nc7 36. Be3 d5+ 37. Kd3 Na6 38. Bf2 Ke6 39. Bg1 Kd6 40. Bf2 Nc5+ 41. Bxc5+ bxc5 42. Ke3 c4 43. Nc1 Bb6+ 44. Kf3 Kc5 45. Na2 Kd4 46. h5 Kd3 47. g6 hxg6 0-1

[Event "HUN-chT2 Charousek 0607"]
[Site "Hungary"]
[Date "2006.12.03"]
[Round "3"]
[White "Keresztes, Balazs"]
[Black "Veszpremi, Andras"]
[Result "1/2-1/2"]
[WhiteElo "2058"]
[BlackElo "2127"]
[PlyCount "27"]
[EventDate "2006.11.12"]
[EventType "team"]
[EventRounds "11"]
[EventCountry "HUN"]
[SourceTitle "EXT 2008"]
[Source "ChessBase"]
[SourceDate "2007.11.25"]
[SourceVersion "1"]
[SourceVersionDate "2007.11.25"]
[SourceQuality "1"]
[WhiteTeam "Barcza"]
[BlackTeam "Decs"]
[WhiteTeamCountry "HUN"]
[BlackTeamCountry "HUN"]

1. e4 c5 2. Nf3 g6 3. d4 Bg7 4. c4 Nc6 5. Be3 Qb6 6. Nc3 Nxd4 7. Nxd4 cxd4 8. Nd5 Qxb2 9. Rb1 Qxa2 10. Ra1 Qb2 11. Rb1 Qa2 12. Ra1 Qb2 13. Rb1 Qa2 14. Ra1 1/2-1/2

[Event "HUN-chT2 Charousek 0607"]
[Site "Hungary"]
[Date "2006.11.26"]
[Round "2"]
[White "Rezsek, Gyozo"]
[Black "Keresztes, Balazs"]
[Result "0-1"]
[WhiteElo "2178"]
[BlackElo "2058"]
[PlyCount "58"]
[EventDate "2006.11.12"]
[EventType "team"]
[EventRounds "11"]
[EventCountry "HUN"]
[SourceTitle "EXT 2008"]
[Source "ChessBase"]
[SourceDate "2007.11.25"]
[SourceVersion "1"]
[SourceVersionDate "2007.11.25"]
[SourceQuality "1"]
[WhiteTeam "Nagykanizsa II"]
[BlackTeam "Barcza"]
[WhiteTeamCountry "HUN"]
[BlackTeamCountry "HUN"]

1. d4 Nf6 2. c4 e6 3. Nf3 d5 4. Nc3 dxc4 5. e3 a6 6. Bxc4 b5 7. Bd3 Bb7 8. 0-0 Nbd7 9. Bc2 c5 10. Qe2 Qb8 11. h3 Bd6 12. a3 0-0 13. dxc5 Bxc5 14. e4 Rd8 15. Bg5 Ne5 16. Rad1 Qc7 17. Kh1 Ng6 18. Rxd8+ Rxd8 19. Rd1 Rxd1+ 20. Nxd1 h6 21. Bc1 Ba7 22. Nc3 Bb8 23. g3 Qc5 24. Be3 Qh5 25. Ng1 Qf5 26. f3 Qe5 27. f4 Nxe4 28. Kh2 Nxc3 29. Qd3 Qd5 0-1